Instant notes on psychology biological basis of behaviour (Record no. 393682)
[ view plain ]
| 000 -LEADER | |
|---|---|
| fixed length control field | 00545 a2200193 4500 |
| 005 - DATE & TIME | |
| control field | 20260130162035.0 |
| 008 - FIXED-LENGTH DATA ELEMENTS--GENERAL INFORMATION | |
| fixed length control field | 260129b |||||||| |||| 00| 0 eng d |
| 020 ## - ISBN | |
| International Standard Book Number | 9789391581954 |
| Price | Rs. 1295.00 |
| 040 ## - CATALOGING SOURCE | |
| Original cataloging agency | VIVEKANANDA LIBRARY |
| 082 ## - DDC NUMBER | |
| Classification number | 155.6 |
| Book Number | S47I |
| 100 ## - MAIN ENTRY--PERSONAL NAME | |
| Personal name | Sekhri, Ritu |
| 245 ## - TITLE STATEMENT | |
| Title | Instant notes on psychology biological basis of behaviour |
| 260 ## - PUBLICATION, DISTRIBUTION, ETC. (IMPRINT) | |
| Name of publisher, distributor, etc | Psycho Information Technologies |
| Date of publication, distribution, etc | 2024 |
| Place of publication, distribution, etc | New Delhi |
| 300 ## - PHYSICAL DESCRIPTION | |
| Pages | 158 |
| 650 ## - Subject | |
| Subject | Psychology |
| 650 ## - Subject | |
| Subject | Developmental Psychology |
| 650 ## - Subject | |
| Subject | Biological Psychology |
| 942 ## - ADDED ENTRY ELEMENTS (KOHA) | |
| Koha item type | Books |
| Withdrawn status | Lost status | Source of classification or shelving scheme | Damaged status | Not for loan | Location (home branch) | Sublocation or collection (holding branch) | Shelving location | Date acquired | Koha issues (times borrowed) | Koha full call number | Accession No. | Koha date last seen | Koha item type |
|---|---|---|---|---|---|---|---|---|---|---|---|---|---|
| Dewey Decimal Classification | VIVEKANANDA LIBRARY | VIVEKANANDA LIBRARY | Vivekananda Library | 03/12/2025 | 155.6 S47I | 443384 | 03/12/2025 | Books |
